000 00432 a2200145 4500
999 _c3607
_d3607
020 _a818823740X
050 _aHD 75.6 ENV 2005
100 _aSingh, Jagbir
_eeditor
245 _aEnvironmental development
_bchallanges and opportunities /
_cedited by Jagbir singh
264 _aNew Dehli
_bIK International
_c2005
300 _a639p.
500 _aInclude index
650 _aEnvironment-- development
942 _2lcc
_cBK
_h75.6
_iENV
_kHD